Science Quiz

Random Science or Nintendo Quiz

Names of Bones in Human Body Quiz Stats

 Plays Quiz not verified by Sporcle

Score 0/58 Timer 15:00
0 Plays Today
Area (Total #) Bone % Correct
Forearms (4)Ulna
79.1%
Legs (6)Tibia
78.8%
Forearms (4)Radius
78.5%
Thighs (2)Femur
78.4%
Legs (6)Fibula
73.4%
Shoulder (4)Clavicle
73%
Arms (2)Humerus
72.4%
Shoulder (4)Scapula
70.7%
Thorax (25)Ribs
68.9%
Facial Bones (14)Mandible
68.6%
Cranial Bones (8)Frontal Bone
68.2%
Thorax (25)Sternum
67.8%
Cranial Bones (8)Occipital Bone
65.5%
Cranial Bones (8)Temporal Bone
62.6%
Legs (6)Patella
62.6%
Cranial Bones (8)Parietal Bone
60.8%
Hands [Metacarpus Bones (10)]Metacarpal Bone
60.4%
Feet [Metatarsus Bones (10)]Metatarsal Bone
59.9%
Facial Bones (14)Maxilla
56.3%
Vertebral Column (24)Lumbar Vertebrae
55.9%
Throat (1)Hyoid Bone
53.3%
Pelvis (4)Coccyx
52.6%
Facial Bones (14)Nasal Bone
51.5%
Facial Bones (14)Zygomatic Bone
51.1%
Vertebral Column (24)Thoracic Vertebrae
50.7%
Cranial Bones (8)Sphenoid Bone
50.5%
Vertebral Column (24)Cervical Vertebrae
50.1%
Cranial Bones (8)Ethmoid Bone
47%
Pelvis (4)Sacrum
43.9%
Area (Total #) Bone % Correct
Middle Ear (6)Stapes
43.3%
Middle Ear (6)Incus
41.6%
Middle Ear (6)Malleus
40.6%
Hands [Fingers (28)]Distal Phalanges
40.2%
Feet [Toe (28)]Distal Phalanges
40.2%
Hands [Fingers (28)]Proximal Phalanges
39.2%
Feet [Toe (28)]Proximal Phalanges
39.2%
Hands [Carpal Bones (16)]Trapezoid Bone
37.5%
Hands [Carpal Bones (16)]Trapezium
37%
Facial Bones (14)Vomer
36.2%
Facial Bones (14)Lacrimal Bone
35.1%
Feet [Tarsal Bones (14)]Calcaneus
35.1%
Hands [Carpal Bones (16)]Lunate Bone
34.3%
Hands [Fingers (28)]Intermediate Phalanges
34.1%
Feet [Toe (28)]Intermediate Phalanges
34.1%
Hands [Carpal Bones (16)]Hamate Bone
34%
Hands [Carpal Bones (16)]Scaphoid Bone
33.5%
Facial Bones (14)Palatine Bone
33.2%
Hands [Carpal Bones (16)]Pisiform Bone
32.4%
Feet [Tarsal Bones (14)]Talus
31.4%
Hands [Carpal Bones (16)]Capitate Bone
30%
Feet [Tarsal Bones (14)]Cuboid Bone
29.6%
Facial Bones (14)Inferior Nasal Conchae
28.2%
Feet [Tarsal Bones (14)]Navicular Bone
26.1%
Feet [Tarsal Bones (14)]Medial Cuneiform Bone
24.2%
Feet [Tarsal Bones (14)]Lateral Cuneiform Bone
23.9%
Feet [Tarsal Bones (14)]Intermediate Cuneiform Bone
23.5%
Hands [Carpal Bones (16)]Triquetral Bone
22.7%
Pelvis (4)Innominate Bone
20.2%

You're not logged in!

Compare scores with friends on all Sporcle quizzes.
OR
Log In

Show Comments

Extras

Top Quizzes Today


Score Distribution

Your Account Isn't Verified!

In order to create a playlist on Sporcle, you need to verify the email address you used during registration. Go to your Sporcle Settings to finish the process.

Report this User

Report this user for behavior that violates our Community Guidelines.

Details: